| 000 | 00511nam a22001817a 4500 | ||
|---|---|---|---|
| 999 |
_c3538 _d3538 |
||
| 003 | OSt | ||
| 005 | 20181114120047.0 | ||
| 008 | 181114b ||||| |||| 00| 0 eng d | ||
| 020 | _a0939241870 | ||
| 040 | _cDLC | ||
| 082 |
_a236 _bK78E |
||
| 100 | _aVan Koverering, Joe | ||
| 245 |
_aExposing The Scoffers: _bSign Of The End-Times / _cBy Dr. Joe Van Koevering. |
||
| 260 |
_aFlorida, USA : _bGod's News, _cc2001. |
||
| 300 | _a47 p.: | ||
| 650 |
_aScripture Explanation _xExposing The Scoffers |
||
| 942 |
_2ddc _cBK |
||